Maailmankartta ilman 12 valtiota #3 - Statistics

Yleistilastot
  • Tätä visaa on pelattu 3 866 kertaa
  • Keskiarvotulos 9 / 12
Vastaukset kartalla
Vastauksille on annettu kartalla punavihreä väri sen mukaan, kuinka moni on saanut sen oikein.
 
Vastaustilastot
Valtio % Oikein
Latvia
96%
Viro
96%
Liettua
95%
Uruguay
86%
Tunisia
77%
Jemen
76%
Oman
76%
Irlanti
72%
Eritrea
68%
Filippiinit
66%
Taiwan
66%
Alankomaat
65%
Ehtoja vastaavia visoja ei löytynyt
Tulosjakauma
Jokaisen tuloksen saaneiden osuus
Persentiili vastausten määrän mukaan
Tuloshistoriasi
Et ole pelannut tätä visaa